000 00628nam a2200205 a 4500
005 20250704063923.0
008 081013s1992 es r 000 0 spa d
020 _a8434833093
035 _aUPN01000163478
049 _aUNE
050 4 _aNA9320
_bP3.7 no.35
245 0 0 _aAbadías y monasterios /
_cdir. Luis Blas Aritio.
260 _aMadrid :
_bIncafo :
_bUNESCO,
_c1992.
300 _a31 p. :
_bil. col.
440 3 _aEl patrimonio de la humanidad ;
_v35
650 4 _aProtección del patrimonio cultural
_919285
650 4 _aARQUITECTURA RELIGIOSA
_92431
700 1 _aBlas Aritio, Luis,
_edir.
_932632
905 _aLibro
999 _c135591
_d135591